| 000 | 00586nam a2200205 a 4500 | ||
|---|---|---|---|
| 005 | 20210219152821.0 | ||
| 008 | 991125n 000 0 eng u | ||
| 035 | _aUPN01000062279 | ||
| 100 | _aCuster, Wendy L. | ||
| 222 | _aCHILD DEVELOPMENT | ||
| 245 | _aA comparison of young children's understanding of contradictory representations in pretense, memory, and belief | ||
| 300 | _a678-688 | ||
| 362 | _a1996 67, no. 2 apr. | ||
| 653 | 0 | _aFANTASIA | |
| 653 | 0 | _aMEMORIA | |
| 653 | 0 | _aPROCESO COGNOSCITIVO | |
| 653 | 0 | _aREALIDAD | |
| 904 |
_aAC _b000090 |
||
| 905 | _aArticulo | ||
| 999 |
_c61626 _d61626 |
||